| 000 | 00560nam a2200181Ia 4500 | ||
|---|---|---|---|
| 008 | 090122s9999 xx 000 0 und d | ||
| 082 |
_b13606 _a910.09 |
||
| 100 |
_aकुंटे _bजगन्नाथ |
||
| 245 | _aसाधनामस्त | ||
| 260 |
_bप्राजक्ता _c2 री 2007 |
||
| 300 | _a256 | ||
| 501 | _aदेणगी- श्री.खानवेलकर | ||
| 600 | _aकुंटे | ||
| 630 | _aसाधनामस्त | ||
| 700 | _aकुंटे | ||
| 730 | _aसाधनामस्त | ||
| 942 | _cBOOK | ||
| 999 |
_c37683 _d37683 |
||